000 00613nam a2200193Ia 4500
005 20250508162030.0
008 008 250505s9999 xx 000 0 eng d
037 _aDissertations
040 _aFEDL
_beng
_cFEDL
041 _aeng
_2eng
084 _a153.35, MEH/DI
_qFEDL
100 _aMehta Vijay Kumar
_9772107
245 0 _aStudy of relationship between various components of creative-thinking and scholastic achievemnt
260 _c1980
300 _aiii,83p.
546 _aM. Ed. dissertations, 1980 (Delhi University)
942 _cDIS
_h153.35, MEH/DI
999 _c1373943
_d1373943